[Event "10th Gashimov Mem Blitz"]
[Site "Shusha AZE"]
[Date "2024.09.28"]
[Round "1.1"]
[White "Nepomniachtchi, Ian"]
[Black "Mamedyarov, Shakhriyar"]
[Result "1-0"]
[WhiteTitle "GM"]
[BlackTitle "GM"]
[WhiteElo "2755"]
[BlackElo "2733"]
[WhiteFideId "4168119"]
[BlackFideId "13401319"]
[EventDate "2024.09.28"]

1. e4 c5 2. Nf3 a6 3. c4 Nc6 4. d4 cxd4 5. Nxd4 e5 6. Nf5 d5 7. cxd5 Bxf5 8.
exf5 Nd4 9. Nc3 Nf6 10. Bd3 Be7 11. O-O O-O 12. Re1 Nxd5 13. Be4 Nxc3 14. bxc3
Nb5 15. Qf3 Rc8 16. Bb2 Nd6 17. Rad1 Qc7 18. Bd5 Bf6 19. Ba3 Rcd8 20. Bxd6 Rxd6
21. Bxb7 a5 22. Bd5 Rb6 23. c4 Qc5 24. Re2 g6 25. g3 Kg7 26. Kg2 Rfb8 27. h4 Rb2
28. Rdd2 Rxd2 29. Rxd2 Qb4 30. Re2 Qb1 31. Be4 Qc1 32. Rc2 Qe1 33. Re2 Qc1 34.
fxg6 hxg6 35. Qg4 Rd8 36. h5 Qxc4 37. hxg6 fxg6 38. Qxg6+ 1-0

[Event "10th Gashimov Mem Blitz"]
[Site "Shusha AZE"]
[Date "2024.09.28"]
[Round "1.2"]
[White "Artemiev, Vladislav"]
[Black "Suleymanli, Aydin"]
[Result "0-1"]
[WhiteTitle "GM"]
[BlackTitle "GM"]
[WhiteElo "2701"]
[BlackElo "2632"]
[WhiteFideId "24101605"]
[BlackFideId "13413937"]
[EventDate "2024.09.28"]

1. d4 Nf6 2. Nf3 d5 3. Bf4 e6 4. Nbd2 c5 5. e3 Qb6 6. Rb1 Bd6 7. Bg5 Nbd7 8. c3
Qc7 9. Bd3 b6 10. e4 dxe4 11. Nxe4 Nxe4 12. Bxe4 Bb7 13. Bxb7 Qxb7 14. O-O h6
15. Bh4 g5 16. dxc5 Be7 17. Bg3 Nxc5 18. Re1 h5 19. Be5 Rg8 20. b4 Nd7 21. Bd6
Bxd6 22. Qxd6 O-O-O 23. Nd4 Qc7 24. Nb5 Qxd6 25. Nxd6+ Kc7 26. Nxf7 Rdf8 27. Ne5
Nf6 28. c4 g4 29. c5 bxc5 30. Rec1 Nd5 31. Rxc5+ Kd6 32. Nc4+ Kd7 33. Ra5 Ra8
34. Ra6 Rgc8 35. Ne5+ Ke7 36. Nc6+ Kf6 37. Nd4 Nb6 38. Re1 Rc4 39. Ne2 Rxb4 40.
Ng3 h4 41. Ne4+ Kg6 42. Nc5 Rc8 43. Nxe6 Re4 44. Kf1 Rxe1+ 45. Kxe1 Re8 46. Rxa7
Rxe6+ 47. Kf1 Nc4 48. Rd7 Re4 49. a4 Kf5 50. Rd5+ Kf6 51. Rd3 Nb2 52. Rd6+ Ke5
53. Rh6 Nc4 54. f3 gxf3 55. gxf3 Rf4 56. Kf2 Kd4 57. Rh8 Ne5 58. Rd8+ Kc5 59.
Ke3 Rxa4 60. h3 Ng6 61. Rg8 Nf4 62. Rg5+ Nd5+ 63. Kd3 Kd6 64. Ke2 Nf4+ 65. Ke3
Nxh3 66. Rf5 Ke6 67. Rf8 Ng5 68. f4 Ra3+ 69. Ke2 Ne4 70. Rh8 h3 71. Kf1 Kf5 72.
Rh4 Rg3 73. Ke2 Ra3 74. Kf1 Nf6 75. Rh6 Ng4 76. Rh8 Ra1+ 77. Ke2 h2 0-1

[Event "10th Gashimov Mem Blitz"]
[Site "Shusha AZE"]
[Date "2024.09.28"]
[Round "1.3"]
[White "Abdusattorov, Nodirbek"]
[Black "Aravindh, Chithambaram VR."]
[Result "1/2-1/2"]
[WhiteTitle "GM"]
[BlackTitle "GM"]
[WhiteElo "2766"]
[BlackElo "2698"]
[WhiteFideId "14204118"]
[BlackFideId "5072786"]
[EventDate "2024.09.28"]

1. e4 e5 2. Nf3 Nc6 3. Bc4 Bc5 4. c3 Nf6 5. d3 d6 6. b4 Bb6 7. a4 a5 8. b5 Ne7
9. Nbd2 Ng6 10. O-O O-O 11. d4 Bg4 12. Qc2 Qd7 13. Re1 Rfe8 14. Bb2 Nf4 15. Bf1
Bh5 16. h3 exd4 17. cxd4 Bg6 18. Nh4 d5 19. Nxg6 hxg6 20. e5 Nh7 21. Nf3 g5 22.
Bc1 g4 23. Bxf4 gxf3 24. Rad1 fxg2 25. Bxg2 Nf8 26. Be3 Ng6 27. Kh2 c6 28. bxc6
bxc6 29. Bf3 Nh4 30. Bg4 f5 31. Bh5 f4 32. Bxf4 Re6 33. Bg4 Rf8 34. Bg3 Nf3+ 35.
Kg2 Nxe1+ 36. Rxe1 Bxd4 37. f4 Qe7 38. Re2 c5 39. Qb3 Rd8 40. f5 Rxe5 41. Bxe5
Bxe5 42. Qe3 Re8 43. Bh5 d4 44. Qb3+ Kh8 45. Bxe8 Qg5+ 46. Kf2 Qh4+ 47. Kf1 Qf4+
48. Rf2 Qc1+ 49. Kg2 Qg5+ 50. Kf1 Qc1+ 51. Ke2 c4 52. Qa2 Qe3+ 53. Kf1 Qc1+ 54.
Kg2 Qg5+ 55. Kf1 Qc1+ 56. Kg2 Qg5+ 57. Kf3 Qe3+ 58. Kg2 Qg5+ 1/2-1/2

[Event "10th Gashimov Mem Blitz"]
[Site "Shusha AZE"]
[Date "2024.09.28"]
[Round "1.4"]
[White "Rapport, Richard"]
[Black "Mamedov, Rauf"]
[Result "0-1"]
[WhiteTitle "GM"]
[BlackTitle "GM"]
[WhiteElo "2715"]
[BlackElo "2637"]
[WhiteFideId "738590"]
[BlackFideId "13401653"]
[EventDate "2024.09.28"]

1. e4 c5 2. Nf3 g6 3. Bc4 Bg7 4. c3 d6 5. d4 cxd4 6. cxd4 Nf6 7. Nc3 O-O 8. Bb3
Bg4 9. O-O Nc6 10. Be3 Nd7 11. Ne2 Bxf3 12. gxf3 e5 13. dxe5 Ndxe5 14. Ng3 h5
15. f4 Ng4 16. Qf3 a5 17. Rad1 a4 18. Bd5 Qh4 19. Qg2 Ne7 20. Bxb7 Rab8 21. Ba6
Rxb2 22. Bc1 Rxa2 23. h3 Nh6 24. Rxd6 Rc2 25. Bd3 Rxc1 26. Rxc1 Qxf4 27. Rdc6
Nxc6 28. Rxc6 a3 29. Bc4 Qd2 30. Rxg6 Qc1+ 31. Kh2 Qf4 32. Kh1 Qc1+ 33. Nf1 Qxc4
34. Rxg7+ Kh8 35. Ne3 Qc1+ 36. Kh2 Qc7+ 37. Kh1 a2 38. Qg1 Qe5 39. Rg5 a1=Q 0-1

[Event "10th Gashimov Mem Blitz"]
[Site "Shusha AZE"]
[Date "2024.09.28"]
[Round "2.1"]
[White "Mamedyarov, Shakhriyar"]
[Black "Mamedov, Rauf"]
[Result "1-0"]
[WhiteTitle "GM"]
[BlackTitle "GM"]
[WhiteElo "2733"]
[BlackElo "2637"]
[WhiteFideId "13401319"]
[BlackFideId "13401653"]
[EventDate "2024.09.28"]

1. d4 g6 2. e4 Bg7 3. Nf3 a6 4. a4 d6 5. Bc4 Nf6 6. Qe2 c6 7. e5 Nd5 8. h3 O-O
9. O-O Nc7 10. c3 b5 11. Bd3 bxa4 12. Rxa4 c5 13. dxc5 dxc5 14. Rd1 Qe8 15. Rh4
a5 16. Ng5 h6 17. Ne4 h5 18. Ng3 Ne6 19. Nxh5 1-0

[Event "10th Gashimov Mem Blitz"]
[Site "Shusha AZE"]
[Date "2024.09.28"]
[Round "2.2"]
[White "Aravindh, Chithambaram VR."]
[Black "Rapport, Richard"]
[Result "1-0"]
[WhiteTitle "GM"]
[BlackTitle "GM"]
[WhiteElo "2698"]
[BlackElo "2715"]
[WhiteFideId "5072786"]
[BlackFideId "738590"]
[EventDate "2024.09.28"]

1. e4 c6 2. d4 d5 3. exd5 cxd5 4. Bd3 Nf6 5. h3 Nc6 6. c3 e5 7. dxe5 Nxe5 8. Nf3
Bd6 9. O-O O-O 10. Nxe5 Bxe5 11. Nd2 Bc7 12. Nf3 Ne4 13. Be3 Re8 14. Re1 h6 15.
Qb3 a5 16. Rad1 a4 17. Qc2 Qf6 18. c4 Ba5 19. Bd4 Qf4 20. Re3 Bf5 21. cxd5 Rac8
22. Qe2 Bg6 23. d6 Rcd8 24. Be5 Rxe5 25. Nxe5 Bh5 26. g4 Qxe5 27. Rxe4 1-0

[Event "10th Gashimov Mem Blitz"]
[Site "Shusha AZE"]
[Date "2024.09.28"]
[Round "2.3"]
[White "Suleymanli, Aydin"]
[Black "Abdusattorov, Nodirbek"]
[Result "0-1"]
[WhiteTitle "GM"]
[BlackTitle "GM"]
[WhiteElo "2632"]
[BlackElo "2766"]
[WhiteFideId "13413937"]
[BlackFideId "14204118"]
[EventDate "2024.09.28"]

1. e4 e5 2. Nf3 Nc6 3. Bb5 a6 4. Ba4 Nf6 5. O-O Be7 6. d3 d6 7. c4 O-O 8. Nc3
Nd7 9. Be3 Bf6 10. h3 g6 11. Nd5 Bg7 12. b4 Nd4 13. Nxd4 exd4 14. Bd2 c6 15. Nf4
Ne5 16. Bc2 f5 17. f3 Bd7 18. c5 Qe7 19. cxd6 Qxd6 20. Bb3+ Kh8 21. Qc2 b6 22.
Ne2 fxe4 23. fxe4 Bxh3 24. Bf4 Bg4 25. Qd2 Bxe2 26. Qxe2 Qxb4 27. Rac1 Rxf4 28.
Rxf4 Bh6 29. g3 Qe7 30. Rcf1 Bxf4 31. gxf4 Nd7 32. e5 Nc5 33. e6 Qf6 34. Qg4 Re8
35. f5 Rg8 36. e7 Nxb3 37. axb3 Qxe7 38. Qxd4+ Qg7 39. f6 Qf7 40. Re1 Rf8 41.
Re6 c5 42. Qe5 Kg8 43. Qd5 a5 44. Qd6 b5 45. Qe5 a4 46. bxa4 bxa4 47. Ra6 a3 48.
Qxc5 a2 49. Qe5 Qd7 50. Rxa2 Qg4+ 51. Rg2 Qd7 52. Rf2 Kf7 53. d4 Re8 54. Qf4
Re1+ 55. Kh2 Re6 56. Rc2 Rxf6 57. Qe5 Qd6 58. Rc7+ Kg8 59. Rc8+ Kg7 60. Rc7+ Kh6
61. Kg3 Re6 62. Qxd6 Rxd6 63. Rc4 g5 64. Kf3 Kh5 65. Ke4 g4 66. d5 Kh4 67. Rc6
Rd7 68. Rh6+ Kg5 69. Re6 h5 70. Re5+ Kh4 71. Rf5 g3 72. Kf3 Rg7 73. d6 g2 74. d7
g1=N+ 75. Kf2 Nh3+ 76. Kf3 Rxd7 0-1

[Event "10th Gashimov Mem Blitz"]
[Site "Shusha AZE"]
[Date "2024.09.28"]
[Round "2.4"]
[White "Nepomniachtchi, Ian"]
[Black "Artemiev, Vladislav"]
[Result "1/2-1/2"]
[WhiteTitle "GM"]
[BlackTitle "GM"]
[WhiteElo "2755"]
[BlackElo "2701"]
[WhiteFideId "4168119"]
[BlackFideId "24101605"]
[EventDate "2024.09.28"]

1. e4 e5 2. Nf3 Nc6 3. Bb5 Nf6 4. d3 d6 5. O-O a6 6. Ba4 b5 7. Bb3 Na5 8. Nc3
Be7 9. Ne2 O-O 10. Ng3 c5 11. c3 Nxb3 12. axb3 Re8 13. Re1 h6 14. d4 cxd4 15.
cxd4 Bf8 16. d5 a5 17. h3 Bd7 18. Be3 a4 19. Qd3 axb3 20. Nd2 Ra4 21. Ne2 Qc7
22. Rac1 Qb7 23. Nc3 Raa8 24. Nxb3 b4 25. Ne2 Bb5 26. Qb1 Qa6 27. Qc2 Bd3 28.
Qd1 Bxe4 29. Ng3 Bxd5 30. Nd2 Qd3 31. Nh5 Nxh5 32. Qxh5 Qg6 33. Qxg6 fxg6 34.
Nc4 Bxc4 35. Rxc4 d5 36. Rc6 d4 37. Bd2 Ra2 38. Rb1 g5 39. Rb6 Ra4 40. b3 Ra2
41. Bxb4 Bxb4 42. Rxb4 Rf8 43. Rf1 d3 44. Re4 Rb8 45. b4 Rb2 46. Rd1 d2 47. Kf1
R8xb4 48. Rxb4 Rxb4 49. Rxd2 Kf7 50. Rd6 Ke7 51. Rg6 Kf7 52. Ra6 h5 53. g3 Rb3
54. Kg2 e4 55. Ra7+ Kg6 56. Ra6+ Kh7 57. Ra5 Kh6 58. Ra6+ g6 59. Re6 Rb4 60. Re7
Rc4 61. Kf1 Rc1+ 62. Kg2 Re1 63. Kh2 g4 64. h4 Re2 65. Kg2 Re1 66. Kh2 Rf1 1/2-1/2

[Event "10th Gashimov Mem Blitz"]
[Site "Shusha AZE"]
[Date "2024.09.28"]
[Round "3.1"]
[White "Artemiev, Vladislav"]
[Black "Mamedyarov, Shakhriyar"]
[Result "1/2-1/2"]
[WhiteTitle "GM"]
[BlackTitle "GM"]
[WhiteElo "2701"]
[BlackElo "2733"]
[WhiteFideId "24101605"]
[BlackFideId "13401319"]
[EventDate "2024.09.28"]

1. Nf3 d5 2. g3 Nf6 3. Bg2 e6 4. c4 Be7 5. d4 O-O 6. Nc3 a6 7. O-O dxc4 8. Ne5
Nd5 9. Nxc4 b6 10. Nxd5 exd5 11. Ne5 Bb7 12. Qb3 Nd7 13. Bf4 Nxe5 14. Bxe5 Bd6
15. Rfd1 Re8 16. Bxd5 Bxd5 17. Qxd5 Qg5 18. Rac1 Bxe5 19. dxe5 Qxe5 20. e3 Qxd5
21. Rxd5 Re7 22. g4 Kf8 23. Rh5 h6 24. g5 Kg8 25. gxh6 g6 26. Rh4 Rd8 27. Rhc4
c5 28. b4 cxb4 29. Rxb4 Rd6 30. Rc8+ Kh7 31. Ra8 b5 32. a4 Rb7 33. axb5 axb5 1/2-1/2

[Event "10th Gashimov Mem Blitz"]
[Site "Shusha AZE"]
[Date "2024.09.28"]
[Round "3.2"]
[White "Abdusattorov, Nodirbek"]
[Black "Nepomniachtchi, Ian"]
[Result "1-0"]
[WhiteTitle "GM"]
[BlackTitle "GM"]
[WhiteElo "2766"]
[BlackElo "2755"]
[WhiteFideId "14204118"]
[BlackFideId "4168119"]
[EventDate "2024.09.28"]

1. e4 e5 2. Nf3 Nf6 3. d3 Nc6 4. g3 Bc5 5. Bg2 O-O 6. O-O d5 7. exd5 Nxd5 8. a3
a5 9. Nc3 Nxc3 10. bxc3 h6 11. Re1 Re8 12. Rb1 a4 13. Rb5 Bd6 14. Nd2 Ra6 15.
Nc4 Na7 16. Rxb7 Bxb7 17. Bxb7 Rc6 18. Bxc6 Nxc6 19. Qg4 Re6 20. Ne3 Qa8 21. Nf5
Rg6 22. Qe4 Qa6 23. h4 Ne7 24. h5 Re6 25. Ne3 Qa5 26. Bd2 Qb5 27. Nc4 Kh8 28. g4
f5 29. gxf5 Rf6 30. Nxe5 Rxf5 31. c4 Qb6 32. Ng6+ Kh7 33. d4 1-0

[Event "10th Gashimov Mem Blitz"]
[Site "Shusha AZE"]
[Date "2024.09.28"]
[Round "3.4"]
[White "Mamedov, Rauf"]
[Black "Aravindh, Chithambaram VR."]
[Result "0-1"]
[WhiteTitle "GM"]
[BlackTitle "GM"]
[WhiteElo "2637"]
[BlackElo "2698"]
[WhiteFideId "13401653"]
[BlackFideId "5072786"]
[EventDate "2024.09.28"]

1. e4 e5 2. Nc3 Nc6 3. g3 g6 4. Bg2 Bg7 5. d3 d6 6. Nge2 Nge7 7. O-O O-O 8. Rb1
Be6 9. Nd5 Bxd5 10. exd5 Nb4 11. a3 Nbxd5 12. c4 Nf6 13. Bxb7 Rb8 14. Bg2 d5 15.
Qa4 c6 16. Nc3 Nd7 17. Bg5 f6 18. Bd2 Nc5 19. Qc2 Ne6 20. Qa4 Nc5 21. Qc2 Nb3
22. Rfd1 Kh8 23. Be1 f5 24. Ne2 f4 25. f3 Nf5 26. Bf2 Ne3 27. Bxe3 fxe3 28. Kh1
Nd2 29. Rxd2 exd2 30. cxd5 cxd5 31. Qxd2 e4 32. Nf4 exf3 33. Bxf3 Qf6 34. Rf1
Rxb2 35. Qe3 Qe5 36. Qxa7 g5 37. Nh5 Rxf3 38. Rc1 Rf8 39. Rg1 Rbf2 40. a4 R2f7
41. Qc5 Qe2 42. Nxg7 Qf3+ 43. Rg2 Qd1+ 44. Rg1 Qf3+ 45. Rg2 Kxg7 46. h4 Qf5 47.
Kh2 h6 48. a5 Qe5 49. Kh3 Rf3 50. a6 gxh4 51. Kxh4 Qg5+ 0-1

[Event "10th Gashimov Mem Blitz"]
[Site "Shusha AZE"]
[Date "2024.09.28"]
[Round "4.1"]
[White "Mamedyarov, Shakhriyar"]
[Black "Aravindh, Chithambaram VR."]
[Result "1-0"]
[WhiteTitle "GM"]
[BlackTitle "GM"]
[WhiteElo "2733"]
[BlackElo "2698"]
[WhiteFideId "13401319"]
[BlackFideId "5072786"]
[EventDate "2024.09.28"]

1. d4 Nf6 2. c4 e6 3. Nc3 d5 4. cxd5 exd5 5. Bg5 c6 6. e3 Be7 7. Bd3 Nbd7 8. Qc2
Nf8 9. Nf3 Ne6 10. Bh4 g6 11. O-O Ng7 12. b4 a6 13. Rab1 O-O 14. a4 Bf5 15. b5
axb5 16. axb5 Bxd3 17. Qxd3 Nf5 18. Bxf6 Bxf6 19. Rfc1 Ra3 20. Qc2 Qa5 21. bxc6
bxc6 22. Ne2 Ra2 23. Qd1 Rc8 24. Nf4 Nd6 25. Ra1 Ne4 26. Rxa2 Qxa2 27. Qc2 Ra8
28. Qxa2 Rxa2 29. Nd3 g5 30. g4 h5 31. h3 hxg4 32. hxg4 Be7 33. Rxc6 Ra3 34. Nc5
Bxc5 35. dxc5 Ra1+ 36. Kg2 Ra2 37. Nd4 Rxf2+ 38. Kg1 Ra2 39. Rc8+ Kg7 40. c6
Ra1+ 41. Kg2 Rc1 42. c7 Kf6 43. Nb5 Rc2+ 44. Kf1 Ng3+ 45. Ke1 Rc1+ 46. Kd2 Rc5
47. Rd8 Ne4+ 48. Kd1 1-0

[Event "10th Gashimov Mem Blitz"]
[Site "Shusha AZE"]
[Date "2024.09.28"]
[Round "4.2"]
[White "Suleymanli, Aydin"]
[Black "Mamedov, Rauf"]
[Result "1-0"]
[WhiteTitle "GM"]
[BlackTitle "GM"]
[WhiteElo "2632"]
[BlackElo "2637"]
[WhiteFideId "13413937"]
[BlackFideId "13401653"]
[EventDate "2024.09.28"]

1. e4 d6 2. d4 Nf6 3. Nc3 e5 4. Nf3 exd4 5. Nxd4 g6 6. Bg5 Bg7 7. Qd2 h6 8. Bf4
g5 9. Bg3 Nh5 10. O-O-O Nc6 11. Nf5 Bxf5 12. exf5 Qd7 13. Qe2+ Ne7 14. Qxh5 Bxc3
15. bxc3 O-O-O 16. Qxf7 Kb8 17. f6 Qf5 18. Bd3 1-0

[Event "10th Gashimov Mem Blitz"]
[Site "Shusha AZE"]
[Date "2024.09.28"]
[Round "4.4"]
[White "Artemiev, Vladislav"]
[Black "Abdusattorov, Nodirbek"]
[Result "1/2-1/2"]
[WhiteTitle "GM"]
[BlackTitle "GM"]
[WhiteElo "2701"]
[BlackElo "2766"]
[WhiteFideId "24101605"]
[BlackFideId "14204118"]
[EventDate "2024.09.28"]

1. d4 d5 2. Nf3 Nf6 3. c4 c6 4. Nc3 a6 5. cxd5 cxd5 6. Bf4 Nc6 7. Rc1 Nh5 8. Be5
e6 9. e3 Be7 10. h3 O-O 11. Bh2 Nf6 12. Bd3 Bd7 13. O-O Rc8 14. a3 Na5 15. Ne5
b5 16. a4 Nc4 17. axb5 Nxb2 18. Qd2 Nxd3 19. Qxd3 axb5 20. Nxb5 Bxb5 21. Qxb5
Bd6 22. Nc6 Bxh2+ 23. Kxh2 Qd6+ 24. Kg1 Rc7 25. Qc5 Qxc5 26. Rxc5 Ne4 27. Rcc1
f6 28. Nb4 Rfc8 29. Nd3 Kf7 30. Ra1 Rc2 31. Ra7+ R8c7 32. Rfa1 g5 33. Nc5 Rxa7
34. Rxa7+ Kg6 35. Nxe4 dxe4 36. Re7 Rc6 37. g4 h5 38. Kg2 h4 39. Kg1 f5 40. Kg2
Kf6 41. Re8 Rc2 42. gxf5 exf5 43. Rf8+ Kg6 44. Rg8+ Kh6 45. Rf8 Kg6 46. Rg8+ Kf6
47. Rf8+ Kg6 48. Rg8+ 1/2-1/2

[Event "10th Gashimov Mem Blitz"]
[Site "Shusha AZE"]
[Date "2024.09.28"]
[Round "5.1"]
[White "Abdusattorov, Nodirbek"]
[Black "Mamedyarov, Shakhriyar"]
[Result "1-0"]
[WhiteTitle "GM"]
[BlackTitle "GM"]
[WhiteElo "2766"]
[BlackElo "2733"]
[WhiteFideId "14204118"]
[BlackFideId "13401319"]
[EventDate "2024.09.28"]

1. e4 e5 2. Nf3 Nc6 3. g3 Nf6 4. d3 g6 5. Bg2 Bg7 6. O-O d5 7. exd5 Nxd5 8. Nc3
Nxc3 9. bxc3 O-O 10. Nd2 Re8 11. Rb1 Na5 12. Ne4 Rb8 13. Bg5 f6 14. Be3 b6 15.
c4 Be6 16. Re1 Qd7 17. Bd2 Nb7 18. f4 Bg4 19. Qc1 Bh3 20. Bxh3 Qxh3 21. Bc3 Nd6
22. fxe5 fxe5 23. Qd2 Rf8 24. Qg2 Qxg2+ 25. Kxg2 Rbe8 26. Bb4 Rd8 27. Bxd6 cxd6
28. Rb5 Rf7 29. Rd5 Bf8 30. a4 h6 31. Ra1 Rb7 32. Rb1 Rc7 33. a5 Rc6 34. axb6
axb6 35. Rdb5 d5 36. Rxd5 Rxd5 37. cxd5 Rxc2+ 38. Kf3 Bc5 39. Ra1 Rxh2 40. Ra8+
Kf7 41. Ra7+ Ke8 42. d6 Rh1 43. Nf6+ Kf8 44. d7 Be7 45. Nd5 e4+ 46. dxe4 1-0

[Event "10th Gashimov Mem Blitz"]
[Site "Shusha AZE"]
[Date "2024.09.28"]
[Round "5.3"]
[White "Mamedov, Rauf"]
[Black "Nepomniachtchi, Ian"]
[Result "1/2-1/2"]
[WhiteTitle "GM"]
[BlackTitle "GM"]
[WhiteElo "2637"]
[BlackElo "2755"]
[WhiteFideId "13401653"]
[BlackFideId "4168119"]
[EventDate "2024.09.28"]

1. e4 c5 2. Nf3 d6 3. Nc3 Nf6 4. g3 g6 5. Bg2 Bg7 6. O-O O-O 7. Re1 Nc6 8. d3
Rb8 9. a4 a6 10. e5 dxe5 11. Nxe5 Nd4 12. a5 Be6 13. h3 Nd5 14. Nxd5 Bxd5 15.
Nf3 e6 16. h4 h6 17. Bf4 Rc8 18. c3 Nb3 19. Ra3 Nxa5 20. Qc1 Kh7 21. Qc2 Nc6 22.
Ra4 Qd7 23. h5 g5 24. Be3 Nd4 25. Nxd4 cxd4 26. Bxd4 Bxg2 27. Bxg7 Kxg7 28. Kxg2
Rfd8 29. Re3 Rc5 30. Rae4 Qc6 31. Kg1 b5 32. Qe2 Rd6 33. d4 Rcd5 34. Re5 a5 35.
Rxd5 Rxd5 36. Re5 b4 37. c4 Rxd4 38. Rxg5+ Kh7 39. Rxa5 Rxc4 40. Ra1 Rc2 41.
Qd3+ Kg8 42. Qd8+ Kh7 43. Qd3+ Kg8 44. Qd8+ Kh7 1/2-1/2

[Event "10th Gashimov Mem Blitz"]
[Site "Shusha AZE"]
[Date "2024.09.28"]
[Round "6.1"]
[White "Mamedyarov, Shakhriyar"]
[Black "Suleymanli, Aydin"]
[Result "1/2-1/2"]
[WhiteTitle "GM"]
[BlackTitle "GM"]
[WhiteElo "2733"]
[BlackElo "2632"]
[WhiteFideId "13401319"]
[BlackFideId "13413937"]
[EventDate "2024.09.28"]

1. Nf3 Nf6 2. g3 d5 3. Bg2 e6 4. O-O Be7 5. c4 O-O 6. b3 c5 7. cxd5 Nxd5 8. Bb2
Nc6 9. Nc3 Bf6 10. Qc2 b6 11. Nxd5 exd5 12. d4 Be6 13. dxc5 Bxb2 14. Qxb2 bxc5
15. Rac1 c4 16. Rfd1 Rb8 17. Qd2 h6 18. Rc3 Qa5 19. Rdc1 Rfd8 20. e3 Bg4 21. Nd4
Nxd4 22. Qxd4 Be6 23. R1c2 Qb6 24. Rd2 Qa5 25. h4 Rd7 26. Kh2 Rb4 27. Qe5 Rb5
28. Qd4 Rb4 29. Qe5 Rb5 1/2-1/2

[Event "10th Gashimov Mem Blitz"]
[Site "Shusha AZE"]
[Date "2024.09.28"]
[Round "6.2"]
[White "Nepomniachtchi, Ian"]
[Black "Aravindh, Chithambaram VR."]
[Result "1-0"]
[WhiteTitle "GM"]
[BlackTitle "GM"]
[WhiteElo "2755"]
[BlackElo "2698"]
[WhiteFideId "4168119"]
[BlackFideId "5072786"]
[EventDate "2024.09.28"]

1. e4 e5 2. f4 exf4 3. Nf3 d5 4. exd5 Nf6 5. Bb5+ c6 6. dxc6 Nxc6 7. Nc3 Bd6 8.
Qe2+ Be6 9. Nd4 O-O 10. Nxe6 fxe6 11. Bxc6 bxc6 12. b3 Nd5 13. Bb2 Qh4+ 14. g3
fxg3 15. O-O-O Nf4 16. Qe1 Qg4 17. hxg3 Nd5 18. Ne4 Be7 19. Nf2 Qf5 20. Nd3 Bf6
21. Bxf6 Rxf6 22. Rh4 a5 23. a4 c5 24. Rc4 Nb4 25. Nxb4 cxb4 26. Qe3 h6 27. g4
Qf2 28. Qe5 Rg6 29. Qe4 1-0

[Event "10th Gashimov Mem Blitz"]
[Site "Shusha AZE"]
[Date "2024.09.28"]
[Round "6.3"]
[White "Artemiev, Vladislav"]
[Black "Mamedov, Rauf"]
[Result "1/2-1/2"]
[WhiteTitle "GM"]
[BlackTitle "GM"]
[WhiteElo "2701"]
[BlackElo "2637"]
[WhiteFideId "24101605"]
[BlackFideId "13401653"]
[EventDate "2024.09.28"]

1. d4 Nf6 2. c4 g6 3. g3 Bg7 4. Bg2 O-O 5. Nc3 d6 6. h3 Nbd7 7. e4 e5 8. Nge2
exd4 9. Nxd4 Ne5 10. b3 a6 11. O-O Bd7 12. Bg5 h6 13. Be3 Re8 14. f4 Nc6 15. Qd2
Nxd4 16. Bxd4 c5 17. Bxf6 Bxf6 18. e5 dxe5 19. Ne4 Bg7 20. Rad1 Bc6 21. Nd6 exf4
22. Qxf4 Rf8 23. Bxc6 bxc6 24. Nf5 Qb8 25. Ne7+ Kh7 26. Qxb8 Raxb8 27. Rd7 Rbd8
28. Rxd8 Rxd8 29. Rxf7 Rd7 30. g4 a5 31. Kg2 Rd2+ 32. Kg1 Rxa2 33. Nxc6 a4 34.
bxa4 Rxa4 35. Nd8 Kg8 36. Rc7 Bd4+ 37. Kg2 Rxc4 38. Ne6 Rc3 39. Nxd4 cxd4 40.
Rd7 Rd3 41. h4 Rd1 42. Rd6 Kf7 43. h5 gxh5 44. gxh5 1/2-1/2

[Event "10th Gashimov Mem Blitz"]
[Site "Shusha AZE"]
[Date "2024.09.28"]
[Round "6.4"]
[White "Abdusattorov, Nodirbek"]
[Black "Rapport, Richard"]
[Result "1-0"]
[WhiteTitle "GM"]
[BlackTitle "GM"]
[WhiteElo "2766"]
[BlackElo "2715"]
[WhiteFideId "14204118"]
[BlackFideId "738590"]
[EventDate "2024.09.28"]

1. e4 c6 2. Nf3 d5 3. d3 Qc7 4. Nc3 dxe4 5. dxe4 Nd7 6. Bc4 b5 7. Bd3 e6 8. a4
b4 9. Nb1 Ne7 10. Nbd2 Ng6 11. Nc4 Ba6 12. g3 Bc5 13. Qe2 Bxc4 14. Bxc4 a5 15.
b3 h5 16. Bb2 h4 17. O-O-O Rg8 18. Ng5 Nde5 19. Bxe6 Qe7 20. Bf5 Qxg5+ 21. f4
Nxf4 22. gxf4 Qxf4+ 23. Kb1 g6 24. Rhf1 Qe3 25. Qxe3 Bxe3 26. Bh3 f6 27. Rxf6
Nf7 28. e5 Ng5 29. Bg2 Rd8 30. Bxc6+ Ke7 31. Rxd8 Rxd8 32. Rxg6 Rd1+ 33. Ka2 Rd2
34. e6 Rxc2 35. Kb1 Rf2 36. Bd5 Kd6 37. Bc4 Ne4 38. e7+ Kxe7 39. Re6+ Kd7 40.
Rxe4 Bg5 41. Re2 Rf3 42. Kc2 h3 43. Bd4 Bf4 44. Rf2 Rxf2+ 45. Bxf2 Bxh2 46. Bf1 1-0

[Event "10th Gashimov Mem Blitz"]
[Site "Shusha AZE"]
[Date "2024.09.28"]
[Round "7.1"]
[White "Rapport, Richard"]
[Black "Mamedyarov, Shakhriyar"]
[Result "0-1"]
[WhiteTitle "GM"]
[BlackTitle "GM"]
[WhiteElo "2715"]
[BlackElo "2733"]
[WhiteFideId "738590"]
[BlackFideId "13401319"]
[EventDate "2024.09.28"]

1. e4 e5 2. Nf3 Nc6 3. Bb5 a6 4. Ba4 Nf6 5. Nc3 b5 6. Bb3 Bc5 7. Nd5 d6 8. d3 h6
9. c3 Rb8 10. d4 Ba7 11. Be3 exd4 12. cxd4 Nxd5 13. Bxd5 Ne7 14. Bb3 O-O 15. O-O
c5 16. dxc5 Bxc5 17. Re1 Ng6 18. Rc1 Bxe3 19. Rxe3 Qf6 20. Qd4 Ne5 21. Nxe5 dxe5
22. Qa7 Bg4 23. h3 Bh5 24. Bd5 Qb6 25. Qe7 Rfe8 26. Qh4 Bg6 27. Rc6 Qd8 28. Qg3
Kh7 29. Rxa6 b4 30. Rd3 Qc7 31. Qe3 Qc2 32. Qd2 Qb1+ 33. Kh2 Rec8 34. Bb3 Rc1
35. f3 Rh1+ 36. Kg3 Qg1 37. Rc6 Qh2+ 38. Kh4 Rg1 39. Rc2 Rb6 40. Rd8 Rf6 41. Qf2 0-1

[Event "10th Gashimov Mem Blitz"]
[Site "Shusha AZE"]
[Date "2024.09.28"]
[Round "7.2"]
[White "Mamedov, Rauf"]
[Black "Abdusattorov, Nodirbek"]
[Result "0-1"]
[WhiteTitle "GM"]
[BlackTitle "GM"]
[WhiteElo "2637"]
[BlackElo "2766"]
[WhiteFideId "13401653"]
[BlackFideId "14204118"]
[EventDate "2024.09.28"]

1. e4 e5 2. Nf3 Nc6 3. d4 exd4 4. Bc4 d6 5. Nxd4 Nf6 6. Nc3 Be7 7. O-O O-O 8.
Re1 Ne5 9. Bf1 Re8 10. h3 Bf8 11. a4 c6 12. a5 Ng6 13. a6 Qc7 14. Bg5 Nd7 15.
Nb3 b5 16. h4 h6 17. h5 Nge5 18. Bf4 Nc5 19. Nxc5 dxc5 20. Bg3 c4 21. Qd4 Qe7
22. Be2 Qg5 23. Rad1 Ng4 24. e5 Nxe5 25. Ne4 Qe7 26. Qc3 b4 27. Qd4 Bf5 28. Nd6
Qxd6 29. Qxd6 Bxd6 30. Rxd6 Nd3 31. cxd3 cxd3 32. f3 dxe2 33. Rxc6 Bd3 34. Kf2
Re7 35. Rd6 Bb5 36. Bf4 Rc8 37. Bd2 b3 38. g4 Re6 39. Rd4 Bxa6 40. Rb4 Rc2 41.
Bc3 Rb6 42. Rxb6 axb6 43. Ke3 f6 44. f4 Kf7 45. Kd4 Bc8 46. f5 Bb7 47. Ke3 Ba6
48. Kd4 Ke7 49. Ra1 Bb5 50. Bb4+ Kd7 51. Bc3 Kc6 52. Re1 Ba6 53. Ra1 Kb5 54. Re1
Bb7 55. Kd3 Bf3 56. Rg1 Kc6 57. Bd2 Rxb2 58. Ke3 Bd5 59. Kxe2 Rc2 60. Rb1 Bc4+
61. Ke3 b2 62. Kd4 0-1